000 00446nam a2200133Ia 4500
008 100328s9999 xx 000 0 und d
082 _b47776
100 _aढवळे केशव भिकाजी
245 _aमोडी लिपी भाग-2
260 _bानंजय बाळकृष्ण ढवळे
630 _aमोडी लिपी भाग-2
730 _aमोडी लिपी भाग-2
942 _cBOOK
999 _c535500
_d535497